| 000 | 004250000a22001810004500 | ||
|---|---|---|---|
| 003 | LK-CoMWRAF | ||
| 008 | 230817t ||||| |||| 00| 0 eng d | ||
| 040 |
_aLK-CoMWRAF _dLK-CoMWRAF _eLK-CoMWRAF |
||
| 041 | _aeng | ||
| 082 |
_a420 _bTHI |
||
| 100 | _aThileepan | ||
| 245 |
_aNoorandu kaankiras _b |
||
| 260 |
_aMadras _bKalaignaan pathipagam _c1984 |
||
| 300 | _ap.192 | ||
| 650 | _aIndia | ||
| 650 | _aTamil | ||
| 942 | _cBK | ||
| 999 |
_c2823 _d2823 |
||